banner-ar

الاساطير القديمة وتاثيرها على الفنون الزخرفية الاسلامية فى مصر : (Record no. 66746)

MARC details
000 -الفاتح
حقل البيانات ثابتة الطول 01106nam a22002537a 4500
005 - وقت وتاريخ اخر تعامل مع التسجيلة
رقم الضبط 20240530110936.0
008 - عناصر البيانات ثابتة الطول - معلومات عامة
حقل البيانات ثابتة الطول 221015s2021 ua af f 000 0 ara d
017 ## - رقم الايداع القانونى
رقم الايداع القانونى 2021/11510
المصدر ( الهيئة المختصة) مصر. دار الكتب
020 ## - الرقم الدولى المعيارى للكتب
الرقم الدولى المعيارى للكتاب 9789776809451
040 ## - مصدر الفهرسة
وكالة الفهرسة الأصلية EG-CaGPL
وكالة النسخ EG-CaGPL
082 04 - رقم تصنيف ديوى العشرى
رقم الطبعة 21
رقم التصنيف 745.449
رقم المادة ق/ر أ
100 0# - المدخل الرئيسى - إسم شخصى
الإسم الشخصى رمضان شعبان على
245 12 - بيان العنوان
العنوان الاساطير القديمة وتاثيرها على الفنون الزخرفية الاسلامية فى مصر :
بقية العنوان خلال العصر العثمانى وعصر اسرة محمد على /
بيان المسئوليه,etc رمضان شعبان على ؛ تقديم عصام الفرماوى
250 ## - بيان الطبعة
بيان الطبعة ط. 1
260 ## - PUBLICATION, DISTRIBUTION, ETC. (IMPRINT)
تاريخ النشر أو التوزيع 2021
300 ## - الوصف المادى
التعداد 344 ص. :
تفاصيل ماديه اخرى للوعاء ايض. ؛
أبعاد الوعاء 24 سم.
650 07 - المدخل الاضافى بالموضوع-مصطلح موضوعى
مصدر الرأس أو المصطلح qrmak
مصطلح موضوعي الحضارة المصرية القديمة
650 07 - المدخل الاضافى بالموضوع-مصطلح موضوعى
مصطلح موضوعي الفن المصرى القديم
650 07 - المدخل الاضافى بالموضوع-مصطلح موضوعى
مصطلح موضوعي الاثار الفرعونية
650 07 - المدخل الاضافى بالموضوع-مصطلح موضوعى
مصطلح موضوعي الزخرفة
700 0# - المدخل الاضافى - اسم شخصى
الإسم الشخصى عصام الفرماوى
الدور مقدم
942 ## - عناصر المدخل الإضافي( كوها)
Koha [default] item type كتاب
مصدر التصنيف او مخطط الترفيف Dewey Decimal Classification
260 ## - PUBLICATION, DISTRIBUTION, ETC. (IMPRINT)
-- الجيزة :
-- المؤسسة الدولية للكناب،
Holdings
حالة التراجع حالة الفقد حالة تلف ليس للاعارة المكان المؤقت الموقع الحالى موقع الترفيف تاريخ الاكتساب اجمالي اﻻعارات رقم الطلب الباركود تاريخ اخر مشاهدة تاريخ تفعيل السعر نوع وعاء كوها
        مكتبة القاهرة الكبرى مكتبة القاهرة الكبرى   10/16/2022   745.449 ق/ر أ 168580 10/16/2022 10/16/2022 كتاب

Powered By

EGPV